00420nam a2200157Ia 45000010006000000050017000060080041000230410008000640820016000721000035000882450086001232600009002093000028002186500008002466540008002542454020260414151050.0260414t2024||||xx |||||||||||||| ||spa|| aESP a345.72bP14 aPadilla Alegre, Vladimir,eAUT 0aLitigio, litigantes y litigación :bnálisis - razonamiento - determinación c2024 a251 páginas :c25 cm. aDER aCDE